MARC details
| 000 -CABECERA |
| campo de control de longitud fija |
01433nam a2200301 a 4500 |
| 001 - NÚMERO DE CONTROL |
| campo de control |
000042662 |
| 005 - FECHA Y HORA DE LA ÚLTIMA TRANSACCIÓN |
| campo de control |
20241130074013.0 |
| 008 - DATOS DE LONGITUD FIJA--INFORMACIÓN GENERAL |
| campo de control de longitud fija |
140204s2012 dr 000 0 spa d |
| 020 ## - NÚMERO INTERNACIONAL ESTÁNDAR DEL LIBRO |
| ISBN cancelado o inválido |
9879945481112 |
| 040 ## - FUENTE DE LA CATALOGACIÓN |
| Centro catalogador/agencia de origen |
DO-SdBNP |
| Lengua de catalogación |
spa |
| Centro/agencia transcriptor |
BNPHU |
| 082 ## - NÚMERO DE LA CLASIFICACIÓN DECIMAL DEWEY |
| Número de clasificación |
801.92 |
| Número de documento/Ítem |
P348m |
| 100 1# - ENTRADA PRINCIPAL--NOMBRE DE PERSONA |
| Nombre de persona |
Pérez, Odalís |
| Fechas asociadas al nombre |
1952- |
| 9 (RLIN) |
23828 |
| 245 13 - MENCIÓN DE TÍTULO |
| Título |
La miseria de la razón política / |
| Mención de responsabilidad, etc. |
Odalís G. Pérez. |
| 260 ## - PUBLICACIÓN, DISTRIBUCIÓN, ETC. |
| Lugar de publicación, distribución, etc. |
Santo Domingo, : |
| Nombre del editor, distribuidor, etc. |
Centenario, |
| Fecha de publicación, distribución, etc. |
2012. |
| 300 ## - DESCRIPCIÓN FÍSICA |
| Extensión |
242 p. ; |
| Dimensiones |
23 cm. |
| 500 ## - NOTA GENERAL |
| Nota general |
Incluye datos biográficos del autor en las solapas de la cubierta. |
| 504 ## - NOTA DE BIBLIOGRAFÍA, ETC. |
| Nota de bibliografía, etc. |
Bibliografía: p. 237-242. |
| 505 0# - NOTA DE CONTENIDO CON FORMATO |
| Título |
El pasado que es presente -- |
| -- |
Otro tiempo de la interpretación -- |
| -- |
Insularismo, crítica y política -- |
| -- |
Movimientos de la crítica literaria y cultural -- |
| -- |
Complementos: textos, visiones, reversiones -- |
| Información miscelánea |
Conclusiones -- |
| -- |
Bibliografía. |
| 590 ## - NOTA LOCAL (RLIN) |
| Nota local |
Inventariado, 2018/ YL |
| 650 #4 - PUNTO DE ACCESO ADICIONAL DE MATERIA--TÉRMINO DE MATERIA |
| Término de materia o nombre geográfico como elemento de entrada |
Creación literaria, artística, etc. |
| 9 (RLIN) |
18866 |
| 650 #0 - PUNTO DE ACCESO ADICIONAL DE MATERIA--TÉRMINO DE MATERIA |
| Término de materia o nombre geográfico como elemento de entrada |
Ensayos dominicanos |
| 9 (RLIN) |
65 |
| 650 #4 - PUNTO DE ACCESO ADICIONAL DE MATERIA--TÉRMINO DE MATERIA |
| Término de materia o nombre geográfico como elemento de entrada |
Intelectuales |
| Subdivisión general |
Actividad política |
| Subdivisión geográfica |
República Dominicana |
| 9 (RLIN) |
65758 |
| 650 #4 - PUNTO DE ACCESO ADICIONAL DE MATERIA--TÉRMINO DE MATERIA |
| Término de materia o nombre geográfico como elemento de entrada |
Movimientos literarios |
| Subdivisión cronológica |
CRÍTICA E INTERPRETACIÓN |
| 9 (RLIN) |
47251 |
| 650 #4 - PUNTO DE ACCESO ADICIONAL DE MATERIA--TÉRMINO DE MATERIA |
| Término de materia o nombre geográfico como elemento de entrada |
Cultura |
| Subdivisión geográfica |
República Dominicana |
| Subdivisión general |
Ensayos, conferencias, etc. |
| 9 (RLIN) |
27116 |
| 650 #4 - PUNTO DE ACCESO ADICIONAL DE MATERIA--TÉRMINO DE MATERIA |
| Término de materia o nombre geográfico como elemento de entrada |
Literatura dominicana |
| Subdivisión general |
Crítica e interpretación |
| 9 (RLIN) |
216 |
| 651 #4 - PUNTO DE ACCESO ADICIONAL DE MATERIA--NOMBRE GEOGRÁFICO |
| Nombre geográfico |
República Dominicana |
| Subdivisión general |
Vida Intelectual |
| -- |
Ensayos, Conferencias, Etc. |
| 9 (RLIN) |
10049 |
| 910 ## - DATOS DE OPCIÓN DEL USUARIO (OCLC) |
| Datos de opción del usuario |
Validado. Control de calidad EMS. |